Airspeak Radiotelephony Communication For Pilots (Record no. 3274)

MARC details
000 -LEADER
fixed length control field 00350nam a22001337a 4500
008 - FIXED-LENGTH DATA ELEMENTS--GENERAL INFORMATION
fixed length control field 250429b |||||||| |||| 00| 0 eng d
020 ## - INTERNATIONAL STANDARD BOOK NUMBER
ISBN 0130209759
100 ## - MAIN ENTRY--AUTHOR
Author Robertson F.A
245 ## - TITLE STATEMENT
Title Airspeak Radiotelephony Communication For Pilots
260 ## - PUBLICATION, DISTRIBUTION, ETC. (IMPRINT)
Place of publication Tokyo
Name of publisher Prentice Hall Inc
Date of publication 1987
300 ## - COLLATION
Pagination 219p.
942 ## - ADDED ENTRY ELEMENTS (KOHA)
Item type Books
050 ## - LIBRARY OF CONGRESS CALL NUMBER
Classification number PE 3727.A3
Item number .R63
Holdings
Source of classification or shelving scheme Not for loan Permanent location Current location Date acquired Accession No. Full call number Barcode. Koha item type
Library of Congress Classification   Samuel Ogbemudia Main Library, University of Abuja Samuel Ogbemudia Main Library, University of Abuja 04/29/2025 91/005159 PE 3727.A3.R63 2025-1727 Books